Auto-Determinacao Nacional para alem do Controlo Politico de um Territorio (Record no. 2174)
[ view plain ]
| 000 -Etiqueta do registo | |
|---|---|
| Campo de controlo de comprimento fixo | 00439 a2200157 4500 |
| 020 ## - ISBN (NÚMERO DE LIVRO PADRÃO INTERNACIONAL) | |
| ISBN | S/N |
| 040 ## - Fonte de Catalogação | |
| Agência de catalogação | Biblioteca Geral- Universidade Lusíada de Angola |
| 082 ## - DEWEY DECIMAL CLASSIFICATION NUMBER | |
| Número de classificação | 10(1) |
| Classificador- CDU | 327 |
| 100 ## - Nome Pessoal | |
| 9 (RLIN) | 1000 |
| Autor | PEREIRA,Santos,Pascoal |
| 245 ## - Declaração de Título | |
| Título | Auto-Determinacao Nacional para alem do Controlo Politico de um Territorio |
| 260 ## - Publicação e Destribuíção | |
| Local de edição/distribuição | Coimbra, |
| Editor/distribuidor | Universidade de Coimbra |
| Data de edição/distribuição | 2015. |
| 300 ## - Descrição Física | |
| Nº Pág. | 329p |
| 650 ## - MATERIA | |
| MATERIA | Relacoes Internacionais |
| 700 ## - Entrada secundária - Nome pessoal | |
| Autor | PEREIRA,Santos,Pascoal |
| 942 ## - - Elementos de entrada adicionados (koha) | |
| Tipo de documento | Livros |
| Withdrawn status | Lost status | Source of classification or shelving scheme | Damaged status | Not for loan | Permanent Location | Current Location | Date acquired | Inventory number | Total Checkouts | Full call number | Barcode | Date last seen | Price effective from | Koha item type |
|---|---|---|---|---|---|---|---|---|---|---|---|---|---|---|
| Dewey Decimal Classification | Biblioteca Geral- Universidade Lusíada de Angola | Biblioteca Geral- Universidade Lusíada de Angola | 11/03/2026 | 10-1 | 327 | 2026-0060 | 11/03/2026 | 11/03/2026 | Livros |
